000
00276nam a22001217a 4500
082
_a
823 HOW
100
_a
Howells, William Dean
245
_a
The Rise Of Silas Lapham
260
_a
United State
_b
Penguen
_c
1971
300
_a
368
650
_a
English - Fiction
942
_c
BK
999
_c
20266
_d
20266